000 00715nas a2200229 4500
001 BR8205050
003 BR-BrBNA
005 20231205085237.0
007 ta
008 230509b bl.|||p| |||| 00| 00por d
040 _aBR-BrBNA
_bpor
_cBiblioteca Nacional de Agricultura
041 _a(Pt)
072 _aF22
100 1 _aColeti, J.T.
100 1 _aDematte, J.L.I.
245 1 _aCompactacao artificial em solos. Experiencias e dados informativos [cana de acucar, Brasil]
650 _aCANA DE ACUCAR
650 _aCOMPACTACAO DO SOLO
773 0 _tAlcool e Acucar (Brazil)
_xISSN 0101-8566
_g(Sep-Oct 1982), v. 2(6) p. 34-39
_wBR8205050
909 _a202311
_bLúcia
_c55
_dLúcia Elande
942 _2AGRIS
_n0
_cANA
999 _c110203
_d110203